| 000 | 01718nam a2200505 i 4500 | ||
|---|---|---|---|
| 001 | 28172 | ||
| 003 | KOSZ 005 | ||
| 005 | 20210519110227.0 | ||
| 008 | 990506s1984 pl f |000 0 pol | ||
| 015 | _aUWD 1984/9463 | ||
| 020 | _a8304017717 | ||
| 035 | _a991009585459705066 | ||
| 035 | _a(PL-WaBN)b12592730-48omnis_nlop | ||
| 035 | _ab12592730 | ||
| 035 | _a(OCoLC)830235641 | ||
| 035 | _azz2003812133 | ||
| 035 | _a(PL)b0000001259273 | ||
| 035 | _a(EXLNZ-48OMNIS_NETWORK)9910013123605606 | ||
| 040 |
_aWA N _cWA N _dKOSZ 005/HR |
||
| 041 | 0 | _apol | |
| 046 | _k1984 | ||
| 080 | _a639.22-057.6 | ||
| 080 | _a656.61 | ||
| 080 | _a316.334.2 | ||
| 100 | 1 |
_aJaniszewski, Ludwik _d(1927-1998) _eAutor |
|
| 245 | 1 | 0 |
_aSocjologia morska : _bwybór zagadnień / _cLudwik Janiszewski, Adam Sosnowski. |
| 260 |
_aWrocław [etc.] : _bZakład Narodowy im. Ossolińskich, _c1984. |
||
| 300 |
_a215 s. ; _c24 cm. |
||
| 336 |
_aTekst _btxt _2rdacontent |
||
| 337 |
_aBez urządzenia pośredniczącego _bn _2rdamedia |
||
| 338 |
_aWolumin _bnc _2rdacarrier |
||
| 380 | _aKsiążki | ||
| 388 | _a1901-2000 | ||
| 388 | _a1945-1989 | ||
| 490 | 1 |
_aSzczecińskie Towarzystwo Naukowe. Wydział Nauk Społecznych, _x0082-1292 ; _vt. 39 |
|
| 650 | 7 |
_aMarynarze _2DBN |
|
| 650 | 7 |
_aRybołówstwo morskie _2DBN |
|
| 650 | 7 | _aSocjologia | |
| 658 | _aSocjologia i społeczeństwo | ||
| 700 | 1 |
_aSosnowski, Adam _c(socjolog) _eAutor |
|
| 830 | 0 |
_aSzczecińskie Towarzystwo Naukowe. _pWydział Nauk Społecznych _vt. 39 |
|
| 856 |
_uhttp://koha.tu.koszalin.pl/cgi-bin/koha/opac-detail.pl?biblionumber=28172 _yKatalog online BPK |
||
| 942 |
_2UKD _cKS |
||
| 999 |
_c28172 _d28172 |
||